UM Logo

The costs of knowledge: investigating financial hurdles of college students in selected higher education institution in Digos City / (Record no. 23423)

MARC details
000 -LEADER
fixed length control field 00714nam a22001697a 4500
005 - DATE AND TIME OF LATEST TRANSACTION
control field 20250213100405.0
008 - FIXED-LENGTH DATA ELEMENTS--GENERAL INFORMATION
fixed length control field 250213b |||||||| |||| 00| 0 eng d
082 ## - DEWEY DECIMAL CLASSIFICATION NUMBER
Edition number 2024
Classification number UT
100 ## - MAIN ENTRY--PERSONAL NAME
Personal name Binoya, Janine T.
9 (RLIN) 65189
245 ## - TITLE STATEMENT
Title The costs of knowledge: investigating financial hurdles of college students in selected higher education institution in Digos City /
Statement of responsibility, etc. Janine T. Binoya, Mebelyn Angel Lanticse, and Jesty Faye T. Lamoste
260 ## - PUBLICATION, DISTRIBUTION, ETC. (IMPRINT)
Place of publication, distribution, etc. Digos City :
Name of publisher, distributor, etc. UMDC,
Date of publication, distribution, etc. ©October 2024.
300 ## - PHYSICAL DESCRIPTION
Extent viii, 98 pages :
Other physical details illustration (some colors) ;
Dimensions 29 cm.
500 ## - GENERAL NOTE
General note Includes references and appendices.
700 ## - ADDED ENTRY--PERSONAL NAME
Personal name Lanticse, Mebelyn Angel
9 (RLIN) 65191
700 ## - ADDED ENTRY--PERSONAL NAME
Personal name Lamoste, Jesty Faye T.
9 (RLIN) 65192
942 ## - ADDED ENTRY ELEMENTS (KOHA)
Source of classification or shelving scheme Dewey Decimal Classification
Koha item type Undergraduate Thesis
Holdings
Withdrawn status Lost status Source of classification or shelving scheme Damaged status Not for loan Home library Current library Date acquired Total Checkouts Full call number Date last seen Price effective from Koha item type
    Dewey Decimal Classification     UM Digos College - LIC UM Digos College - LIC 11/18/2024   UT 02/14/2025 02/14/2025 Undergraduate Thesis